Click the Simpsons Characters - Statistics

General Stats
  • This quiz has been taken 65,628 times
    65,623 since last reset
  • The average score is 19 of 22
Answers on the Map
Answers color-coded by a green-red scale on the quiz's map according to % correct below.
 
Answer Stats
Answer % Correct
Homer Simpson
94%
Krusty the Clown
94%
Bart Simpson
93%
Marge Simpson
93%
Chief Clancy Wiggum
91%
Lisa Simpson
91%
Apu Nahasapeemapetilon
89%
Patty and Selma Bouvier
89%
Maggie Simpson
87%
Ned Flanders
87%
Abraham "Abe" Simpson
86%
Groundskeeper Willie
86%
Edna Krabappel
83%
Milhouse Van Houten
83%
Principal Seymour Skinner
83%
Montgomery Burns
82%
Moe Szyslak
81%
Sherri and Terri Mackleberry
78%
Barney Gumble
76%
Nelson Muntz
75%
Waylon Smithers
74%
Otto Mann
70%
No matching quizzes found
Score Distribution
Percent of People with Each Score
Percentile by Number Answered
Your Score History
You have not taken this quiz since the last reset